Rynek finansowy wybrane zagadnienia

Gespeichert in:
Bibliographische Detailangaben
Format: Buch
Sprache:Polnisch
Veröffentlicht: Poznan Wydawnictwo Akademii Ekonomicznej w Poznaniu 2000
Schriftenreihe:Zeszyty naukowe 4
Schlagworte:
Tags: Tag hinzufügen
Keine Tags, Fügen Sie das erste Tag hinzu!

MARC

LEADER 00000nam a2200000 4500
001 c123797
005 20240223083714.9
020 |a 83-88222-29-5 
041 0 |a pol 
044 |a PL 
245 1 0 |a Rynek finansowy  |b wybrane zagadnienia  |c Redaktor naukowy: Wieslawa Przybylska-Kapuscinska 
264 1 |a Poznan  |b Wydawnictwo Akademii Ekonomicznej w Poznaniu  |c 2000 
300 |a 180 s. 
490 1 |a Zeszyty naukowe 4 
830 0 |a Zeszyty naukowe 4 
610 2 0 |a trh finančný 
610 2 0 |a banky 
610 2 0 |a burzy 
610 2 0 |a fondy investičné 
610 2 0 |a obligácie 
610 2 0 |a emisia 
610 2 0 |a papiere cenné 
610 2 0 |a riziko 
610 2 0 |a prognózy 
610 2 0 |a Poľsko